[Event "HUN-chT2 Szechenyi 1516"]
[Site "Hungary"]
[Date "2015.09.13"]
[Round "1.5"]
[White "Kaszas, Sandor"]
[Black "Foki, Robert"]
[Result "1-0"]
[WhiteElo "2096"]
[BlackElo "1812"]
[PlyCount "73"]
[EventDate "2015.09.13"]
[EventType "team-tourn"]
[EventRounds "11"]
[EventCountry "HUN"]
[SourceTitle "CBM 170 Extra"]
[Source "ChessBase"]
[SourceDate "2016.02.25"]
[SourceVersion "1"]
[SourceVersionDate "2016.02.25"]
[SourceQuality "1"]
[WhiteTeam "Zala Volan"]
[BlackTeam "Arboretum"]
[WhiteTeamCountry "HUN"]
[BlackTeamCountry "HUN"]

1. e4 c5 2. Nc3 a6 3. g3 Nc6 4. Bg2 Nf6 5. f4 d6 6. Nf3 e6 7. 0-0 Be7 8. d3 0-0 9. Kh1 Qc7 10. Be3 b5 11. Ne2 Bb7 12. h3 c4 13. g4 e5 14. Ng3 d5 15. fxe5 Nxe5 16. Bf4 Bd6 17. Nf5 dxe4 18. dxe4 Rad8 19. Nxd6 Ng6 20. Bh2 Qe7 21. e5 Ne4 22. Qe1 Ba8 23. Nxe4 f5 24. Nd6 fxg4 25. hxg4 Qe6 26. Nf5 Rd7 27. Ng5 Qe8 28. Bxa8 Qxa8+ 29. Qe4 Qe8 30. e6 Rd2 31. Rad1 Rxd1 32. Rxd1 h6 33. e7 hxg5 34. exf8Q+ Qxf8 35. Rd7 Nh4 36. Rxg7+ Kh8 37. Be5 1-0

[Event "HUN-chT2 Szechenyi 1415"]
[Site "Hungary"]
[Date "2015.04.26"]
[Round "11.5"]
[White "Geroly, Jozsef"]
[Black "Kaszas, Sandor"]
[Result "0-1"]
[WhiteElo "1944"]
[BlackElo "2100"]
[PlyCount "64"]
[EventDate "2014.09.07"]
[EventType "team-tourn"]
[EventRounds "11"]
[EventCountry "HUN"]
[SourceTitle "EXT 2016"]
[Source "ChessBase"]
[SourceDate "2015.10.08"]
[SourceVersion "1"]
[SourceVersionDate "2015.10.08"]
[SourceQuality "1"]
[WhiteTeam "Veszprem"]
[BlackTeam "Zala Volan"]
[WhiteTeamCountry "HUN"]
[BlackTeamCountry "HUN"]

1. Nf3 f5 2. d3 g6 3. e4 d6 4. Bd2 Bg7 5. Bc3 Nf6 6. h3 e5 7. exf5 Bxf5 8. g4 Bd7 9. Bg2 Nc6 10. Nbd2 Qe7 11. Nh2 0-0 12. 0-0 Kh8 13. Qe2 d5 14. Nb3 Rae8 15. Rae1 Qf7 16. Qd1 d4 17. Bd2 Nd5 18. Nc5 Bc8 19. a3 b6 20. Ne4 Bb7 21. Qf3 Qd7 22. Qg3 Nf4 23. Bh1 Nd8 24. h4 c5 25. Bf3 Nde6 26. Bc1 b5 27. g5 c4 28. Ng4 Nh5 29. Nxe5 Qc7 30. Nxg6+ hxg6 31. Bxh5 gxh5 32. f4 Nc5 0-1

[Event "HUN-chT2 Szechenyi 1415"]
[Site "Hungary"]
[Date "2015.03.22"]
[Round "10.5"]
[White "Kaszas, Sandor"]
[Black "Ugroczky, Peter"]
[Result "1/2-1/2"]
[WhiteElo "2100"]
[BlackElo "2010"]
[PlyCount "46"]
[EventDate "2014.09.07"]
[EventType "team-tourn"]
[EventRounds "11"]
[EventCountry "HUN"]
[SourceTitle "EXT 2016"]
[Source "ChessBase"]
[SourceDate "2015.10.08"]
[SourceVersion "1"]
[SourceVersionDate "2015.10.08"]
[SourceQuality "1"]
[WhiteTeam "Zala Volan"]
[BlackTeam "HVSE Infraplan"]
[WhiteTeamCountry "HUN"]
[BlackTeamCountry "HUN"]

1. f4 Nf6 2. g3 d5 3. Bg2 e6 4. Nf3 c5 5. 0-0 Be7 6. e3 0-0 7. Nc3 Nc6 8. d3 b6 9. Bd2 Bb7 10. d4 Ne4 11. Be1 f5 12. Ne5 Qc7 13. Nxe4 dxe4 14. c3 Nxe5 15. fxe5 cxd4 16. cxd4 Rac8 17. Bc3 b5 18. a3 Bd5 19. Qd2 Qb7 20. Rac1 Rc6 21. b4 Rfc8 22. Bb2 Bc4 23. Rfe1 Bd8 1/2-1/2

[Event "HUN-chT2 Szechenyi 1415"]
[Site "Hungary"]
[Date "2015.02.08"]
[Round "8.4"]
[White "Odor, Istvan"]
[Black "Kaszas, Sandor"]
[Result "1/2-1/2"]
[WhiteElo "2123"]
[BlackElo "2100"]
[PlyCount "130"]
[EventDate "2014.09.07"]
[EventType "team-tourn"]
[EventRounds "11"]
[EventCountry "HUN"]
[SourceTitle "EXT 2016"]
[Source "ChessBase"]
[SourceDate "2015.10.08"]
[SourceVersion "1"]
[SourceVersionDate "2015.10.08"]
[SourceQuality "1"]
[WhiteTeam "Sarvar"]
[BlackTeam "Zala Volan"]
[WhiteTeamCountry "HUN"]
[BlackTeamCountry "HUN"]

1. e4 e5 2. Nf3 Nc6 3. Bc4 Bc5 4. c3 Nf6 5. d3 0-0 6. 0-0 h6 7. Bb3 d6 8. h3 Bb6 9. Nbd2 Be6 10. Re1 Nd7 11. Nf1 Bxb3 12. Qxb3 Nc5 13. Qc2 Ne6 14. Ng3 Ne7 15. Be3 Bxe3 16. fxe3 g6 17. d4 f6 18. Qb3 Qc8 19. Rf1 Kg7 20. Rf2 b6 21. Raf1 Qd7 22. Qd1 Rad8 23. Nh2 Ng8 24. h4 h5 25. Nf5+ Kh7 26. b4 gxf5 27. Qxh5+ Nh6 28. exf5 Nf4 29. exf4 Qxf5 30. Qxf5+ Nxf5 31. fxe5 Ng3 32. Re1 dxe5 33. dxe5 f5 34. Nf3 Ne4 35. Rc2 Rd3 36. e6 c5 37. bxc5 bxc5 38. c4 Re8 39. Rb2 Rxe6 40. Rb7+ Kg6 41. Rxa7 Rc3 42. Ra4 Kh5 43. Rd1 Rg6 44. Ne5 Rg7 45. Ra8 Kxh4 46. Kh2 Kg5 47. Rc8 Rc2 48. Nf3+ Kf4 49. Ne1 Nf2 50. Nxc2 Nxd1 51. Rxc5 Nf2 52. Rd5 Rb7 53. g3+ Kg5 54. Ne3 Ng4+ 55. Nxg4 Kxg4 56. Rd4+ Kg5 57. Rd2 Rc7 58. Rc2 f4 59. Kg2 Kg4 60. gxf4 Kxf4 61. a4 Ke4 62. a5 Kd4 63. Kf3 Ra7 64. c5 Rxa5 65. c6 Ra8 1/2-1/2

[Event "HUN-chT2 Szechenyi 1213"]
[Site "Hungary"]
[Date "2012.09.16"]
[Round "1.7"]
[White "Katona, Janos"]
[Black "Kaszas, Sandor"]
[Result "1/2-1/2"]
[WhiteElo "1981"]
[BlackElo "2096"]
[PlyCount "66"]
[EventDate "2012.09.16"]
[EventType "team-tourn"]
[EventRounds "11"]
[EventCountry "HUN"]
[SourceTitle "EXT 2014"]
[Source "ChessBase"]
[SourceDate "2013.11.20"]
[SourceVersion "1"]
[SourceVersionDate "2013.11.20"]
[SourceQuality "1"]
[WhiteTeam "Sarvar"]
[BlackTeam "Zala Volan"]
[WhiteTeamCountry "HUN"]
[BlackTeamCountry "HUN"]

1. d4 d5 2. c4 dxc4 3. e4 a6 4. Bxc4 Nf6 5. e5 Nd5 6. Qb3 e6 7. Nf3 b5 8. Bd3 c5 9. dxc5 Bxc5 10. 0-0 Qb6 11. a4 b4 12. Nbd2 Nc6 13. Nc4 Qc7 14. Qc2 h6 15. Qe2 0-0 16. Qe4 f5 17. exf6 Nxf6 18. Qh4 e5 19. Qg3 Qe7 20. Nfxe5 Nxe5 21. Nxe5 Nh5 22. Bc4+ Be6 23. Qb3 Rf6 24. Nd3 Bd6 25. Bd2 Kh8 26. Bxe6 Rxe6 27. Bxb4 Bxh2+ 28. Kxh2 Qh4+ 29. Kg1 Rg6 30. Ne5 Rxg2+ 31. Kxg2 Nf4+ 32. Kg1 Ne2+ 33. Kg2 Nf4+ 1/2-1/2

[Event "HUN-chT2 Szechenyi 1112"]
[Site "Hungary"]
[Date "2012.05.20"]
[Round "11.7"]
[White "Rot, Norbert"]
[Black "Kaszas, Sandor"]
[Result "1/2-1/2"]
[WhiteElo "1856"]
[BlackElo "2074"]
[PlyCount "112"]
[EventDate "2011.09.25"]
[EventType "team-tourn"]
[EventRounds "11"]
[EventCountry "HUN"]
[SourceTitle "EXT 2013"]
[Source "ChessBase"]
[SourceDate "2012.11.22"]
[SourceVersion "1"]
[SourceVersionDate "2012.11.22"]
[SourceQuality "1"]
[WhiteTeam "Pet"]
[BlackTeam "Zala Volan"]
[WhiteTeamCountry "HUN"]
[BlackTeamCountry "HUN"]

1. e4 d5 2. exd5 Qxd5 3. Nf3 Bg4 4. Be2 Nf6 5. 0-0 Nc6 6. c3 e5 7. Qb3 Qxb3 8. axb3 e4 9. Nd4 Nxd4 10. Bxg4 Nxb3 11. Ra4 b5 12. Rxe4+ Nxe4 13. Bf3 0-0-0 14. Bxe4 g6 15. Bc2 Nxc1 16. Rxc1 Bh6 17. Rd1 Rhe8 18. Kf1 c5 19. d3 Re5 20. Na3 a6 21. Bb3 f6 22. c4 b4 23. Nc2 f5 24. d4 Re7 25. d5 Kc7 26. Ba4 Kd6 27. b3 Rf8 28. Bc6 f4 29. Ra1 Ra7 30. Ne1 a5 31. f3 Bg7 32. Ra2 Rff7 33. Nd3 g5 34. Nf2 Rfe7 35. Ne4+ Rxe4 36. fxe4 Bd4 37. h3 Ke5 38. Re2 h5 39. Be8 g4 40. Bxh5 gxh3 41. gxh3 a4 42. bxa4 b3 43. Re1 b2 44. Be2 Be3 45. Bd3 Bc1 46. Rd1 Kd6 47. Re1 Be3 48. h4 Rxa4 49. h5 Ra8 50. h6 Ke5 51. Ke2 Rg8 52. Rh1 Kd4 53. Bb1 Rg2+ 54. Ke1 f3 55. h7 Re2+ 56. Kf1 Rf2+ 1/2-1/2

[Event "HUN-chT2 Szechenyi 1112"]
[Site "Hungary"]
[Date "2012.04.22"]
[Round "9.7"]
[White "Juhasz, Zoltan"]
[Black "Kaszas, Sandor"]
[Result "1/2-1/2"]
[WhiteElo "1719"]
[BlackElo "2074"]
[PlyCount "43"]
[EventDate "2011.09.25"]
[EventType "team-tourn"]
[EventRounds "11"]
[EventCountry "HUN"]
[SourceTitle "EXT 2013"]
[Source "ChessBase"]
[SourceDate "2012.11.22"]
[SourceVersion "1"]
[SourceVersionDate "2012.11.22"]
[SourceQuality "1"]
[WhiteTeam "Zalaegerszeg"]
[BlackTeam "Zala Volan"]
[WhiteTeamCountry "HUN"]
[BlackTeamCountry "HUN"]

1. e4 d5 2. exd5 Qxd5 3. Nc3 Qa5 4. d4 Nf6 5. Bc4 c6 6. Nge2 Bf5 7. Ng3 Bg6 8. f4 e6 9. 0-0 Bd6 10. Qe2 Bf5 11. d5 Bg4 12. Qd3 cxd5 13. Bb5+ Nc6 14. h3 Bc5+ 15. Kh1 Bh5 16. f5 h6 17. Nxh5 Nxh5 18. fxe6 0-0-0 19. Bxc6 bxc6 20. e7 Rd7 21. Rxf7 Qc7 22. g4 1/2-1/2

[Event "HUN-chT2 Szechenyi 1112"]
[Site "Hungary"]
[Date "2011.11.27"]
[Round "4.5"]
[White "Kaszas, Sandor"]
[Black "Buzeti, Jernej"]
[Result "1-0"]
[WhiteElo "2074"]
[BlackElo "2301"]
[PlyCount "85"]
[EventDate "2011.09.25"]
[EventType "team-tourn"]
[EventRounds "11"]
[EventCountry "HUN"]
[SourceTitle "EXT 2013"]
[Source "ChessBase"]
[SourceDate "2012.11.22"]
[SourceVersion "1"]
[SourceVersionDate "2012.11.22"]
[SourceQuality "1"]
[WhiteTeam "Zala Volan"]
[BlackTeam "Alsoszolnok"]
[WhiteTeamCountry "HUN"]
[BlackTeamCountry "HUN"]

1. e4 c5 2. g3 d5 3. Bg2 dxe4 4. Bxe4 Nf6 5. Bg2 Nc6 6. Nc3 Bf5 7. d3 Qd7 8. Be3 e6 9. Nf3 Rd8 10. Nh4 Bg4 11. f3 Bh5 12. g4 Bg6 13. f4 Be7 14. Nxg6 hxg6 15. g5 Nd5 16. Nxd5 exd5 17. Qe2 Qe6 18. Bf3 Nb4 19. Kd2 d4 20. Bf2 Qxe2+ 21. Bxe2 Bd6 22. Bg3 Nd5 23. Bf3 Nxf4 24. Bxb7 Ne6 25. Rag1 Ke7 26. b3 Bxg3 27. Rxg3 Rh5 28. h4 Rdh8 29. Rg4 Kd6 30. Bf3 R5h7 31. Be4 Nf8 32. Rf4 Ke7 33. Rhf1 f5 34. gxf6+ gxf6 35. Rxf6 Nd7 36. Rxg6 Rxh4 37. Rg7+ Kd6 38. Rff7 Rh2+ 39. Kc1 Nf8 40. Rxa7 Re2 41. Rgf7 Ke6 42. Bf5+ Kd5 43. Ra6 1-0

[Event "HUN-chT2 Szechenyi 1011"]
[Site "Hungary"]
[Date "2010.10.10"]
[Round "3.7"]
[White "Solyomvari, Roxanne"]
[Black "Kaszas, Sandor"]
[Result "0-1"]
[WhiteElo "2006"]
[BlackElo "2042"]
[PlyCount "112"]
[EventDate "2010.09.12"]
[EventType "team-tourn"]
[EventRounds "11"]
[EventCountry "HUN"]
[SourceTitle "EXT 2012"]
[Source "ChessBase"]
[SourceDate "2011.11.24"]
[SourceVersion "1"]
[SourceVersionDate "2011.11.24"]
[SourceQuality "1"]
[WhiteTeam "Alsoszolnok"]
[BlackTeam "Zala Volan"]
[WhiteTeamCountry "HUN"]
[BlackTeamCountry "HUN"]

1. c4 e5 2. d3 Nc6 3. Nf3 Bc5 4. e3 d6 5. a3 Bg4 6. Be2 Bxf3 7. Bxf3 a5 8. Nc3 Nge7 9. 0-0 0-0 10. Rb1 f5 11. Ne2 Ba7 12. Qb3 Qd7 13. Nc3 Kh8 14. Nb5 Bb6 15. Bd2 Rab8 16. Rbc1 Nd8 17. d4 exd4 18. Nxd4 Ne6 19. Nxe6 Qxe6 20. Qc3 c6 21. b4 axb4 22. axb4 Ng6 23. g3 Ne5 24. Bg2 Ng4 25. h3 Nf6 26. c5 Bc7 27. cxd6 Bxd6 28. Qc4 Qe7 29. Qh4 Qf7 30. Bc3 Qg6 31. Bxf6 Rxf6 32. Rc4 Qf7 33. Qd4 Re8 34. f4 Qe7 35. Rf3 Bxb4 36. Qd3 c5 37. g4 fxg4 38. hxg4 Rd6 39. Qb1 Qd7 40. Kh2 Rh6+ 41. Kg3 Qd2 42. Re4 Rhe6 43. Re5 c4 44. Qe4 Qe1+ 45. Kh2 Rxe5 46. fxe5 Qc3 47. e6 Bd6+ 48. Kg1 Qe5 49. Qxc4 Qxe6 50. Qb5 Qe7 51. Rh3 Bc5 52. Kh1 Bxe3 53. Bxb7 Bf4 54. Bf3 Qe1+ 55. Kg2 Qd2+ 56. Be2 Rxe2+ 0-1

[Event "HUN-chT2 Szechenyi 0910"]
[Site "Hungary"]
[Date "2010.01.31"]
[Round "5.5"]
[White "Kaszas, Sandor"]
[Black "Finy, Mark"]
[Result "1-0"]
[WhiteElo "2066"]
[BlackElo "1889"]
[PlyCount "51"]
[EventDate "2009.11.08"]
[EventType "team-tourn"]
[EventRounds "11"]
[EventCountry "HUN"]
[SourceTitle "EXT 2011"]
[Source "ChessBase"]
[SourceDate "2010.11.26"]
[SourceVersion "1"]
[SourceVersionDate "2010.11.26"]
[SourceQuality "1"]
[WhiteTeam "Zala Volan"]
[BlackTeam "Arboretum"]
[WhiteTeamCountry "HUN"]
[BlackTeamCountry "HUN"]

1. e4 d5 2. exd5 Qxd5 3. Nc3 Qa5 4. d4 Nf6 5. Nf3 c6 6. Bc4 Bf5 7. Bd2 e6 8. h3 h6 9. g4 Bh7 10. Bb3 Qc7 11. Qe2 Bd6 12. Ne5 Nbd7 13. Nxf7 Kf8 14. Nxh8 Re8 15. 0-0-0 Kg8 16. Nf7 Kxf7 17. g5 hxg5 18. Bxg5 Bg6 19. Rde1 Bf5 20. Kb1 Bb4 21. Qf3 Qa5 22. Bd2 Bg6 23. a3 Bf8 24. Qf4 Qd8 25. Rhg1 Bf5 26. Qxf5 1-0

[Event "HUN-chT2 Szechenyi 0910"]
[Site "Hungary"]
[Date "2010.01.17"]
[Round "4.7"]
[White "Pfeifer, David"]
[Black "Kaszas, Sandor"]
[Result "1/2-1/2"]
[WhiteElo "1987"]
[BlackElo "2066"]
[PlyCount "83"]
[EventDate "2009.11.08"]
[EventType "team-tourn"]
[EventRounds "11"]
[EventCountry "HUN"]
[SourceTitle "EXT 2011"]
[Source "ChessBase"]
[SourceDate "2010.11.26"]
[SourceVersion "1"]
[SourceVersionDate "2010.11.26"]
[SourceQuality "1"]
[WhiteTeam "Ajka Banyasz"]
[BlackTeam "Zala Volan"]
[WhiteTeamCountry "HUN"]
[BlackTeamCountry "HUN"]

1. e4 d5 2. exd5 Qxd5 3. Nc3 Qa5 4. d4 Nf6 5. Nf3 Bg4 6. Be2 e6 7. Ne5 Bxe2 8. Qxe2 Bb4 9. Bd2 Nbd7 10. Nxd7 Nxd7 11. Ne4 Bxd2+ 12. Qxd2 Qd5 13. f3 0-0-0 14. c4 Qf5 15. 0-0-0 Nf6 16. Ng3 Qg6 17. Rhe1 Rd7 18. Qe3 Kb8 19. Rd3 Rhd8 20. Red1 h5 21. R1d2 b6 22. a4 h4 23. Ne4 Ne8 24. a5 Nd6 25. Nxd6 Rxd6 26. axb6 axb6 27. b4 f6 28. c5 Rd5 29. Qxe6 Qe8 30. Qxe8 Rxe8 31. Kd1 Kb7 32. Kc2 Re1 33. Kc3 Rg1 34. Rc2 b5 35. Re3 Ra1 36. Re4 g5 37. Kb3 Rd1 38. c6+ Kb6 39. Re8 Rd3+ 40. Ka2 R5xd4 41. Rb8+ Ka6 42. Ra8+ 1/2-1/2

[Event "HUN-chT2 Szechenyi 0809"]
[Site "Hungary"]
[Date "2009.04.19"]
[Round "11.10"]
[White "Tasnadi, Gyula"]
[Black "Kaszas, Sandor"]
[Result "1/2-1/2"]
[WhiteElo "1845"]
[BlackElo "2050"]
[PlyCount "106"]
[EventDate "2008.10.26"]
[EventType "tourn"]
[EventRounds "11"]
[EventCountry "HUN"]
[SourceTitle "EXT 2010"]
[Source "ChessBase"]
[SourceDate "2010.11.25"]
[SourceVersion "1"]
[SourceVersionDate "2010.11.25"]
[SourceQuality "1"]
[WhiteTeam "Keszthely"]
[BlackTeam "Zala Volan"]
[WhiteTeamCountry "HUN"]
[BlackTeamCountry "HUN"]

1. c4 e5 2. Nc3 Nc6 3. Nf3 f5 4. e4 fxe4 5. Nxe4 Nf6 6. Nxf6+ Qxf6 7. d3 Bc5 8. Be3 Bxe3 9. fxe3 e4 10. Nd2 exd3 11. Qb3 0-0 12. 0-0-0 b6 13. Bxd3 Bb7 14. Rhf1 Qg5 15. g3 Kh8 16. Rf4 Ne5 17. Rdf1 Rxf4 18. exf4 Nxd3+ 19. Qxd3 Qe7 20. Nf3 d5 21. Ng5 g6 22. Qc3+ Kg8 23. cxd5 Bxd5 24. Re1 Qd7 25. Ne4 Bxe4 26. Rxe4 Rd8 27. Qb3+ Kf8 28. Re2 Qd4 29. Rg2 Rd5 30. Qf3 a5 31. a3 b5 32. Kb1 b4 33. Rc2 c5 34. axb4 axb4 35. Qe2 b3 36. Rc4 Qf6 37. Qf3 Qf5+ 38. Kc1 Qe6 39. Re4 Qa6 40. Re8+ Kxe8 41. Qxd5 Qa1+ 42. Kd2 Qxb2+ 43. Ke1 Qa1+ 44. Ke2 Qa6+ 45. Kd2 Qb6 46. Qg8+ Kd7 47. Qxh7+ Kc8 48. Qh8+ Kb7 49. Kc1 c4 50. Qg7+ Ka6 51. Kb2 Kb5 52. Qe5+ Kb4 53. Qc3+ Kb5 1/2-1/2

[Event "HUN-chT2 Szechenyi 0809"]
[Site "Hungary"]
[Date "2009.04.05"]
[Round "10.9"]
[White "Remport, Gabor"]
[Black "Kaszas, Sandor"]
[Result "0-1"]
[WhiteElo "1796"]
[BlackElo "2050"]
[PlyCount "84"]
[EventDate "2008.10.26"]
[EventType "tourn"]
[EventRounds "11"]
[EventCountry "HUN"]
[SourceTitle "EXT 2010"]
[Source "ChessBase"]
[SourceDate "2010.11.25"]
[SourceVersion "1"]
[SourceVersionDate "2010.11.25"]
[SourceQuality "1"]
[WhiteTeam "Flesch"]
[BlackTeam "Zala Volan"]
[WhiteTeamCountry "HUN"]
[BlackTeamCountry "HUN"]

1. e4 e5 2. Nf3 Nc6 3. Bb5 a6 4. Ba4 Nf6 5. 0-0 b5 6. Bb3 Bc5 7. Nxe5 Nxe5 8. d4 Bxd4 9. Qxd4 d6 10. Bf4 c5 11. Bxf7+ Nxf7 12. Qe3 0-0 13. Nd2 Bb7 14. f3 Re8 15. Qf2 Rc8 16. Rad1 d5 17. exd5 Nxd5 18. Ne4 Qb6 19. Be3 Nxe3 20. Qxe3 Qe6 21. Qf4 Bxe4 22. fxe4 Re7 23. Qf5 Qxf5 24. exf5 Re2 25. Rf2 Rxf2 26. Kxf2 Rd8 27. Rxd8+ Nxd8 28. Ke3 Kf7 29. Ke4 Ke7 30. Kd5 c4 31. Kc5 Kd7 32. Kb6 Kd6 33. Kxa6 Kc5 34. c3 Nf7 35. Ka7 Nh6 36. f6 gxf6 37. Kb7 Ng4 38. h3 Ne3 39. g3 Nd1 40. b4+ cxb3 41. axb3 Nxc3 42. Kc7 Ne4 0-1

[Event "Budapest Spring op 25th"]
[Site "Budapest"]
[Date "2009.03.26"]
[Round "7"]
[White "Zsembery, Aron"]
[Black "Kaszas, Sandor"]
[Result "1/2-1/2"]
[WhiteElo "1732"]
[BlackElo "2050"]
[PlyCount "109"]
[EventDate "2009.03.20"]
[EventType "swiss"]
[EventRounds "9"]
[EventCountry "HUN"]
[SourceTitle "CBM 129 Extra"]
[Source "ChessBase"]
[SourceDate "2009.05.05"]
[SourceVersion "2"]
[SourceVersionDate "2009.05.20"]
[SourceQuality "1"]

1. e4 d5 2. exd5 Qxd5 3. Nc3 Qa5 4. Bc4 Nf6 5. d3 c6 6. Nge2 Bg4 7. f3 Bh5 8. Ng3 Bg6 9. Bd2 Qc7 10. Qe2 e6 11. f4 Be7 12. f5 exf5 13. 0-0 0-0 14. Nxf5 Bc5+ 15. Kh1 Bh5 16. Qe1 b5 17. Bb3 Nbd7 18. Bf4 Qb6 19. Qg3 Bg6 20. d4 Bb4 21. Bc7 Qb7 22. Bd6 Bxd6 23. Qxd6 Bxf5 24. Rxf5 Rfe8 25. Raf1 Rad8 26. Qg3 Qb8 27. Qg5 b4 28. Na4 Qd6 29. Qf4 Nb6 30. Nxb6 axb6 31. g4 h6 32. c3 Re4 33. Qxd6 Rxd6 34. R1f4 Re1+ 35. Kg2 Re2+ 36. Rf2 Rxf2+ 37. Rxf2 Rd7 38. Kf3 Kf8 39. h3 bxc3 40. bxc3 Ke7 41. Ke3 Kd6 42. c4 Re7+ 43. Kd3 h5 44. gxh5 Nxh5 45. c5+ bxc5 46. dxc5+ Kd7 47. Bxf7 Nf6 48. Bb3 Ne4 49. Rf5 g6 50. Rf7 Nxc5+ 51. Kc2 Rxf7 52. Bxf7 g5 53. Kc3 Ne4+ 54. Kd4 Nf2 55. Bh5 1/2-1/2

[Event "Budapest Spring op 24th"]
[Site "Budapest"]
[Date "2008.03.27"]
[Round "7"]
[White "Kaszas, Sandor"]
[Black "Zsipi, Alex Mark"]
[Result "0-1"]
[WhiteElo "2020"]
[BlackElo "1911"]
[PlyCount "76"]
[EventDate "2008.03.21"]
[EventType "swiss"]
[EventRounds "9"]
[EventCountry "HUN"]
[SourceTitle "CBM 123 Extra"]
[Source "ChessBase"]
[SourceDate "2008.05.06"]
[SourceVersion "1"]
[SourceVersionDate "2008.05.06"]
[SourceQuality "1"]

1. e4 c6 2. d4 d5 3. Nd2 dxe4 4. Nxe4 Bf5 5. Ng3 Bg6 6. Nf3 Nd7 7. Be3 e6 8. Qd2 Ngf6 9. 0-0-0 Bd6 10. Bc4 Nb6 11. Bd3 Nbd5 12. Bxg6 hxg6 13. Bg5 Qc7 14. Kb1 Bf4 15. Bxf4 Qxf4 16. Qe2 0-0-0 17. Ne5 Nd7 18. Nc4 N7b6 19. Ne3 Na4 20. Rd3 Qd6 21. c4 Nf4 22. Qc2 Nxd3 23. Qxa4 Qxd4 24. Qc2 f5 25. Rd1 e5 26. Ne2 Qd7 27. Nc1 e4 28. h3 Qd4 29. Rd2 Rd7 30. Nd1 Rhd8 31. f3 Qe5 32. Nxd3 Rxd3 33. Rxd3 Rxd3 34. Nf2 Qd4 35. Nxd3 exd3 36. Qd2 Qg1+ 37. Qc1 Qxg2 38. a3 Qe2 0-1

[Event "Budapest Spring op 24th"]
[Site "Budapest"]
[Date "2008.03.23"]
[Round "3"]
[White "Kaszas, Sandor"]
[Black "Simonyi, Zoltan"]
[Result "0-1"]
[WhiteElo "2020"]
[BlackElo "2262"]
[PlyCount "122"]
[EventDate "2008.03.21"]
[EventType "swiss"]
[EventRounds "9"]
[EventCountry "HUN"]
[SourceTitle "CBM 123 Extra"]
[Source "ChessBase"]
[SourceDate "2008.05.06"]
[SourceVersion "1"]
[SourceVersionDate "2008.05.06"]
[SourceQuality "1"]

1. e4 c5 2. Nc3 e6 3. Bc4 Nc6 4. d3 Na5 5. Bb3 d5 6. Ba4+ Bd7 7. Bxd7+ Qxd7 8. e5 Ne7 9. f4 Nf5 10. Nf3 Be7 11. Bd2 Nc6 12. 0-0 0-0 13. Kh1 f6 14. exf6 Bxf6 15. g4 Nfd4 16. g5 Be7 17. Nxd4 Nxd4 18. Ne2 Nf5 19. Ng3 Bd6 20. Qg4 Rf7 21. Rae1 Raf8 22. Kg1 Nxg3 23. hxg3 Rf5 24. Qe2 Re8 25. b3 Rff8 26. Qg4 Qf7 27. Qh3 Qg6 28. g4 Qf7 29. Re2 g6 30. Ref2 Qc7 31. f5 exf5 32. gxf5 Be5 33. c3 gxf5 34. Rxf5 Bg7 35. Rxd5 Rxf1+ 36. Kxf1 Qa5 37. Qd7 Rf8+ 38. Ke2 Qxa2 39. Rxc5 Qb1 40. Qe6+ Kh8 41. Rf5 Rd8 42. d4 Qh1 43. Rf7 Rg8 44. d5 b5 45. d6 b4 46. d7 bxc3 47. Rxg7 Qg2+ 48. Kd3 Qxd2+ 49. Kc4 Qf4+ 50. Kd3 Kxg7 51. Qh6+ Kf7 52. Qxh7+ Rg7 53. g6+ Ke6 54. Qxg7 Qd2+ 55. Kc4 c2 56. Qf7+ Ke5 57. Qe7+ Kf5 58. d8Q c1Q+ 59. Kb5 Qf1+ 60. Kc6 Qa6+ 61. Kc5 Qc3+ 0-1

[Event "HUN-chT2 Szechenyi 0708"]
[Site "Hungary"]
[Date "2007.12.09"]
[Round "4"]
[White "Kaszas, Sandor"]
[Black "Finszter, Mate"]
[Result "1/2-1/2"]
[WhiteElo "2020"]
[BlackElo "1918"]
[PlyCount "112"]
[EventDate "2007.10.14"]
[EventType "team-tourn"]
[EventRounds "11"]
[EventCountry "HUN"]
[SourceTitle "EXT 2009"]
[Source "ChessBase"]
[SourceDate "2008.11.26"]
[SourceVersion "1"]
[SourceVersionDate "2008.11.26"]
[SourceQuality "1"]
[WhiteTeam "Zala Volan"]
[BlackTeam "Gyor Komszomol"]
[WhiteTeamCountry "HUN"]
[BlackTeamCountry "HUN"]

1. e4 c5 2. Nf3 d6 3. d4 cxd4 4. Nxd4 Nf6 5. Nc3 a6 6. Be3 Ng4 7. Qd2 Nxe3 8. Qxe3 Nc6 9. 0-0-0 e6 10. Qg3 Qb6 11. Nb3 Bd7 12. f4 h5 13. Qf3 Be7 14. Kb1 Qc7 15. Bd3 g5 16. fxg5 Bxg5 17. h4 Be7 18. Rdf1 Ne5 19. Qf4 b5 20. Nd2 Rc8 21. a3 Qc5 22. Nf3 Rf8 23. Nxe5 Qxe5 24. Qxe5 dxe5 25. Be2 Rh8 26. Rf3 Bc6 27. Re3 Bc5 28. Rg3 Bd4 29. Bf3 f5 30. Rg5 Bxc3 31. bxc3 Bxe4 32. Bxe4 fxe4 33. Rxe5 Ke7 34. Re1 Rxc3 35. R1xe4 Rc6 36. Kb2 Rhc8 37. Re2 Rh8 38. Rg5 Rc4 39. Rg6 Rc6 40. Re5 Rhc8 41. Re2 Rh8 42. c3 Kf7 43. Rg5 Rc4 44. Rf2+ Ke7 45. Rg7+ Kd6 46. Rd2+ Ke5 47. Rg5+ Kf6 48. g3 Rc6 49. Re2 Rc4 50. Rge5 Rc6 51. R2e3 Rh7 52. Kb3 Rh8 53. Kc2 Rh7 54. Kd3 Rhc7 55. Kd2 Rh7 56. Ke2 Rh8 1/2-1/2

[Event "HUN-chT2 Szechenyi 0708"]
[Site "Hungary"]
[Date "2007.11.25"]
[Round "3"]
[White "Toth, Attila"]
[Black "Kaszas, Sandor"]
[Result "0-1"]
[WhiteElo "2120"]
[BlackElo "2020"]
[PlyCount "56"]
[EventDate "2007.10.14"]
[EventType "team-tourn"]
[EventRounds "11"]
[EventCountry "HUN"]
[SourceTitle "EXT 2009"]
[Source "ChessBase"]
[SourceDate "2008.11.26"]
[SourceVersion "1"]
[SourceVersionDate "2008.11.26"]
[SourceQuality "1"]
[WhiteTeam "Haladas III"]
[BlackTeam "Zala Volan"]
[WhiteTeamCountry "HUN"]
[BlackTeamCountry "HUN"]

1. e4 d5 2. exd5 Qxd5 3. Nc3 Qa5 4. d4 Nf6 5. Bc4 c6 6. Nf3 Bg4 7. h3 Bh5 8. Bd2 e6 9. Qe2 Bb4 10. a3 Nbd7 11. 0-0-0 Bxc3 12. Bxc3 Qc7 13. d5 cxd5 14. Bxd5 0-0 15. Bb3 Bg6 16. Bxf6 Nxf6 17. Ne5 Be4 18. f3 Qxe5 19. fxe4 Qxe4 20. Qf2 a5 21. a4 Qc6 22. Rhf1 b5 23. Qh4 bxa4 24. Bxa4 Qc5 25. Rd4 e5 26. Rc4 Qb6 27. Qg3 Nd5 28. Qxe5 Qe3+ 0-1

[Event "HUN-chT2 Szechenyi 0607"]
[Site "Hungary"]
[Date "2007.05.06"]
[Round "10"]
[White "Kaszas, Sandor"]
[Black "Finszter, Mate"]
[Result "1-0"]
[WhiteElo "2030"]
[BlackElo "1910"]
[PlyCount "73"]
[EventDate "2006.11.12"]
[EventType "team-tourn"]
[EventRounds "11"]
[EventCountry "HUN"]
[SourceTitle "EXT 2008"]
[Source "ChessBase"]
[SourceDate "2007.11.25"]
[SourceVersion "1"]
[SourceVersionDate "2007.11.25"]
[SourceQuality "1"]
[WhiteTeam "Zala Volan"]
[BlackTeam "Gyor Komszomol"]
[WhiteTeamCountry "HUN"]
[BlackTeamCountry "HUN"]

1. e4 c5 2. Nc3 d6 3. Bc4 e6 4. d3 Nc6 5. f4 Nf6 6. Bb3 Be7 7. Nf3 0-0 8. 0-0 a6 9. a4 d5 10. Bd2 b6 11. Qe1 Nd4 12. e5 Nxb3 13. cxb3 Ne8 14. Qg3 g6 15. d4 Ng7 16. Qh3 Bb7 17. g4 h5 18. gxh5 Nxh5 19. Kh1 Ng7 20. Rg1 Nf5 21. Ne2 Qd7 22. Rg4 Kg7 23. Rag1 Rh8 24. Qg2 Rh6 25. Qf2 Rah8 26. R1g2 Rh3 27. Neg1 R3h6 28. Ne2 Qc7 29. Bc3 a5 30. Ng3 Nh4 31. Nxh4 Rxh4 32. Rxh4 Bxh4 33. f5 Bxg3 34. Rxg3 Rh5 35. fxg6 fxg6 36. Qf6+ Kh7 37. Qxg6+ 1-0